• 首页
  • 本馆介绍
  • 公告通知
  • 最新文献
  • 馆藏检索
  • 电子资源
  • 读者导购
  • 参考咨询
  • 我的图书馆
  • 登录
  • 详细信息显示
  • 放入我的书架
  • 预约/预借图书
  • 作者相关作品
  • 分类相关作品
  • 丛书相关作品
  • 出版社相关作品

书目信息

  • 表格格式
  • 工作单格式
  • 卡片格式
题名:
人体解剖生理学
    
 
作者: 唐晓伟 , 唐省三 主编
分册:  
出版信息: 北京   中国医药科技出版社  2017.01
页数: 293页
开本: 26cm
丛书名:
单 册:
中图分类: R324
科图分类:
主题词: 人体解剖学--人体生理学--高等职业教育--教材
电子资源:
ISBN: 978-7-5067-8752-9
000 01065nam0 2200277 450
001 003384200
005 20170424082826.93
010    @a978-7-5067-8752-9@dCNY46.00
100    @a20170412d2017 em y0chiy50 ea
101 0  @achi
102    @aCN@b110000
105    @aak z 000yy
106    @ar
200 1  @a人体解剖生理学@9ren ti jie pou sheng li xue@f唐晓伟,唐省三主编
205    @a3版
210    @a北京@c中国医药科技出版社@d2017.01
215    @a293页@c图@d26cm
300    @a“十二五”职业教育国家规划教材 全国高职高专院校药学类与食品药品类专业“十三五”规划教材 供药学、中药学、医学检验技术以及其他食品药品类专业用
330    @a本书共分十四章。包括绪论、细胞的结构与功能、人体基本组织、血液、运动系统、脉管系统、呼吸系统、消化系统、泌尿系统、生殖系统、神经系统、内分泌系统、能量代谢和体温等。
333    @a高职
606 0  @a人体解剖学@x人体生理学@x高等职业教育@j教材
690    @aR324@v5
701  0 @a唐晓伟@9tang xiao wei@4主编
701  0 @a唐省三@9tang sheng san@4主编
801  0 @aCN@b人天书店@c20170412
905    @b988452-55@dR324@e268=3@f4
    
    人体解剖生理学/唐晓伟,唐省三主编.-3版.-北京:中国医药科技出版社,2017.01
    293页:图;26cm
    “十二五”职业教育国家规划教材 全国高职高专院校药学类与食品药品类专业“十三五”规划教材 供药学、中药学、医学检验技术以及其他食品药品类专业用.-使用对象:高职
    
    ISBN 978-7-5067-8752-9:CNY46.00
    本书共分十四章。包括绪论、细胞的结构与功能、人体基本组织、血液、运动系统、脉管系统、呼吸系统、消化系统、泌尿系统、生殖系统、神经系统、内分泌系统、能量代谢和体温等。
●
相关链接 在E读中查询图书 在五车中查询图书 在当当中查询图书 在豆瓣中查询图书


正题名:人体解剖生理学     索取号:R324/268=3         预约/预借

序号 登录号 条形码 馆藏地/架位号 状态 备注
1 988452   209884525   第二样本阅览室/ [索取号:R324/268=3] 在馆    
2 988453   209884534   密集书库-生命科学系/ [索取号:R324/268=3] 在馆    
3 988454   209884543   第三借阅区/ [索取号:R324/268=3] 在馆    
4 988455   209884552   第三借阅区/ [索取号:R324/268=3] 在馆    
唐山师范学院图书馆 欢迎您!
大连网信软件有限公司© 版权所有